| 000 | 00510nam a2200133 a 4500 | ||
|---|---|---|---|
| 001 | 000044971 | ||
| 005 | 20201002045755.0 | ||
| 008 | 150127s1972 dr 000 0 spa d | ||
| 040 |
_aDO-SdBNP _bspa _cBNPHU |
||
| 110 | 1 |
_aRepública Dominicana _bSuperintendencia de Seguros _bDepartamento de Analisis y Estadística _972989 |
|
| 245 | 1 | 0 | _aEstadísticas de los seguros privados en la República Dominicana 1969-1970-1971. |
| 260 |
_aSanto Domingo : _bSuperintendencia de Seguros, _c1972. |
||
| 300 |
_a42 p. ; _c28 cm. |
||
| 999 |
_c44460 _d44460 |
||